000 00535nam a2200169 i 4500
001 31358
003 ES-MaACL
007 t|
008 030129s1961 ag ||||1| spa d
100 1 _aBaudot, J. C.
_926527
245 1 3 _aLa vuelta al mnundo en 2 c.v. /
_cpor J.C. Baudot y J. Seguela ; [versión española de J. Ferrer Aleu].
260 _aBuenos Aires, etc :
_bPlaza & Janés,
_c[1961]
300 _a243 p. ;
_c24 cm.
700 1 _aSeguela, J.
_9105170
700 1 _aFerrer Aleu, J.
_950442
852 _aES-MaACL
_jB-5032
_bR.48529
999 _c31358
_d31358